| 000 | 00473nam a2200181Ia 4500 | ||
|---|---|---|---|
| 001 | 20413 | ||
| 003 | IN-NITTTR | ||
| 005 | 20251114233233.0 | ||
| 008 | 251113s9999||||xx |||||||||||||| ||eng|| | ||
| 040 | _beng | ||
| 040 | _cIN-NITTTR | ||
| 041 | _aeng | ||
| 082 | _a006.3 F52I R | ||
| 100 | _aFischler, Martin A | ||
| 245 | 0 |
_aIntelligence ;the eye, the brain and the computer / _cFischler, Martin A, Oscar, Firschein |
|
| 700 | _a Oscar, Firschein | ||
| 942 |
_2ddc _cBK |
||
| 999 |
_c23046 _d23046 |
||